Elementary Statistics: A Brief Version (Record no. 3661)

MARC details
005 - DATE AND TIME OF LATEST TRANSACTION
control field 20250610170741.0
020 ## - INTERNATIONAL STANDARD BOOK NUMBER
International Standard Book Number 978-0-07-297621-2
100 ## - MAIN ENTRY--PERSONAL NAME
Author name BLUMAN, A. G
245 ## - TITLE STATEMENT
Title Elementary Statistics: A Brief Version
250 ## - EDITION STATEMENT
Edition statement 3rd Ed.
260 ## - PUBLICATION, DISTRIBUTION, ETC.
Place of publication, distribution, etc. New York
Name of publisher, distributor, etc. Mc Graw Hill
Date of publication, distribution, etc. 2006
300 ## - PHYSICAL DESCRIPTION
Extent xxvii, 659p.: ill; Chat, Figure, Table
Other physical details Index
Dimensions 25.8cm
942 ## - ADDED ENTRY ELEMENTS (KOHA)
Source of classification or shelving scheme Dewey Decimal Classification
Koha item type Books
Holdings
Date last seen Total checkouts Full call number Barcode Cost, replacement price Price effective from Koha item type Lost status Source of classification or shelving scheme Damaged status Not for loan Withdrawn status Home library Current library Shelving location Date acquired Source of acquisition Cost, normal purchase price Date due Date last checked out
06/10/2025   519.5 BLU MBY000162 150000.00 06/10/2025 Books   Dewey Decimal Classification       CBE MBEYA CBE MBEYA Special Reserve Collection 05/26/2011 Purchase 50000.00    
04/27/2026 2 519.5 BLU MBY000971 150000.00 06/10/2025 Books   Dewey Decimal Classification       CBE MBEYA CBE MBEYA General Collection 05/26/2011 Purchase 50000.00 05/11/2026 04/27/2026
06/28/2025   519.5 BLU MBY000888 150000.00 06/10/2025 Books   Dewey Decimal Classification       CBE MBEYA CBE MBEYA General Collection 05/26/2011 Purchase 50000.00